Việt Nam gia nhập công ước Brussels liên quan đến việc phân phối tín hiệu mang chương trình truyền qua vệ tinh /
Guardat en:
| Altres autors: | |
|---|---|
| Format: | Article |
| Idioma: | Vietnamese |
| Matèries: | |
| Etiquetes: |
Afegir etiqueta
Sense etiquetes, Sigues el primer a etiquetar aquest registre!
|
| Thư viện lưu trữ: | Thư viện Trường Đại học Đà Lạt |
|---|
| LEADER | 01051nam a2200289 4500 | ||
|---|---|---|---|
| 001 | DLU090071093 | ||
| 005 | ##20090526 | ||
| 040 | # | # | |a DLU |b vie |
| 041 | # | # | |a vie |
| 044 | # | # | |a vn |
| 245 | # | # | |a Việt Nam gia nhập công ước Brussels liên quan đến việc phân phối tín hiệu mang chương trình truyền qua vệ tinh / |c Trung tâm nghiên cứu pháp luật châu Á- Thái Bình Dương thuộc Khoa luật quốc tế. |
| 653 | # | # | |a Công ước Brussels |
| 653 | # | # | |a Chương trình |
| 653 | # | # | |a Gia nhập |
| 653 | # | # | |a Phân phối tín hiệu |
| 653 | # | # | |a Việt Nam |
| 700 | # | # | |a Trung tâm nghiên cứu pháp luật châu Á- Thái Bình Dương thuộc Khoa luật quốc tế. |
| 773 | # | # | |t Luật học |g Số 4, 2006, tr. 67-68 |
| 920 | # | # | |a Phòng Tạp chí -- Trung tâm Thông tin - Thư viện Trường Đại học Đà Lạt |
| 994 | # | # | |a DLU |
| 900 | # | # | |a True |
| 911 | # | # | |a Nguyễn Thị Mai Anh |
| 925 | # | # | |a G |
| 926 | # | # | |a A |
| 927 | # | # | |a BB |
| 980 | # | # | |a Thư viện Trường Đại học Đà Lạt |